| 000 | 00686cam a2200229 4500500 | ||
|---|---|---|---|
| 005 | 20260405003506.0 | ||
| 041 | _afre | ||
| 042 | _adc | ||
| 100 | 1 | 0 |
_aLarmagnac-Matheron, Octave _eauthor |
| 245 | 0 | 0 | _aVote : un silence éloquent |
| 260 | _c2022. | ||
| 500 | _a88 | ||
| 690 | _aAbstention | ||
| 690 | _aAlbert O. Hirschman | ||
| 690 | _aDémocratie | ||
| 690 | _aÉlection présidentielle 2022 | ||
| 690 | _aEmmanuel Macron | ||
| 690 | _aMarine Le Pen | ||
| 690 | _aVote | ||
| 786 | 0 | _nPhilosophie magazine | 159 | 5 | 2022-05-01 | p. 8-8 | 1951-1787 | |
| 856 | 4 | 1 | _uhttps://shs.cairn.info/magazine-philosophie-magazine-2022-5-page-8?lang=fr&redirect-ssocas=7080 |
| 999 |
_c2068073 _d2068073 |
||